LEADER 01157nam a2200301 i 4500 001 991000633459707536 008 041118s2003 nyuaf b 001 0 eng d 020 $a0387954821 035 $ab13249861-39ule_inst 040 $aDip.to Matematica$beng 082 0 $a515.8$221 084 $aAMS 65M 084 $aLC QA1.A647 100 1 $aOsher, Stanley$0318838 245 10$aLevel set methods and dynamic implicit surfaces /$cStanley Osher, Ronald Fedkiw 260 $aNew York :$bSpringer,$cc2003 300 $axiii, 273 p., [16] p. of plates :$bill. (some col.) ;$c24 cm 440 0$aApplied mathematical sciences,$x0066-5452 ;$v153 504 $aIncludes bibliographical references (p. [259]-269) and index 650 0$aLevel set methods 650 0$aImplicit functions 700 1 $aFedkiw, Ronald P. 907 $a.b13249861$b21-09-06$c18-11-04 912 $a991000633459707536 945 $aLE013 65M OSH11 (2003)$g1$i2013000149127$lle013$op$pE79.95$q-$rl$s- $t0$u1$v0$w1$x0$y.i13954015$z03-12-04 996 $aLevel set methods and dynamic implicit surfaces$91106674 997 $aUNISALENTO 998 $ale013$b18-11-04$cm$da $e-$feng$gnyu$h0$i0 LEADER 01078nam 2200385 450 001 9910794596003321 005 20230105163749.0 010 $a88-921-9369-4 035 $a(CKB)4100000011745497 035 $a(MiAaPQ)EBC6465689 035 $a(Au-PeEL)EBL6465689 035 $a(OCoLC)1236262334 035 $a(EXLCZ)994100000011745497 100 $a20220521d2021 uy 0 101 0 $aita 135 $aurcnu|||||||| 181 $ctxt$2rdacontent 182 $cc$2rdamedia 183 $acr$2rdacarrier 200 10$aAnnali del seminario giuridico dell'universita? di Palermo /$fPietro Cerami 210 1$aTorino, Italy :$cGiappichelli,$d[2021] 210 4$dİ2021 215 $a1 online resource (369 pages) 311 $a88-921-3755-7 606 $aLaw 615 0$aLaw. 676 $a307.760941 700 $aCerami$b Pietro$0147441 801 0$bMiAaPQ 801 1$bMiAaPQ 801 2$bMiAaPQ 906 $aBOOK 912 $a9910794596003321 996 $aAnnali del seminario giuridico dell'universita? di Palermo$93748986 997 $aUNINA